Movies Quiz

Random Movies Quiz

FILMES DA... Quiz Stats

 Plays Quiz not verified by Sporcle

Score 0/50 Timer 20:00
0 Plays Today
% Correct
TOY STORY
82.4%
TOY STORY 2
76.5%
TOY STORY 3
76.5%
SHREK
58.8%
SHREK 2
58.8%
SHREK 3
58.8%
SHREK 4
58.8%
RATATOUILLE
58.8%
MADAGASCAR
35.3%
MADAGASCAR 2
35.3%
CARROS
35.3%
WALL E
35.3%
OS SEM FLORESTA
29.4%
O ESPANTA TUBAROES
29.4%
MEGAMENTE
29.4%
POR AGUA ABAIXO
29.4%
UP ALTAS AVENTURAS
29.4%
VIDA DE INSETO
29.4%
MONSTROS S.A
29.4%
KUNG FU PANDA
23.5%
COMO TREINAR O SEU DRAGAO
23.5%
FUGA DAS GALINHAS
23.5%
O CAMINHO PARA EL DORADO
23.5%
CURTAS DA PIXAR
23.5%
FAMILIA DO FUTURO
23.5%
% Correct
SPIRIT O CORCEL INDOMAVEL
17.6%
BEE MOVIE
17.6%
PROCURANDO NEMO
17.6%
101 DALMATAS
17.6%
102 DALMATAS
17.6%
WALLACE E GROMIT
11.8%
FORMIGUINHAZ
11.8%
A PEQUENA SEREIA
11.8%
A PEQUENA SEREIA 2
11.8%
A PEQUENA SEREIA 3
11.8%
MOGLI
11.8%
MOGLI 2
11.8%
A BELA E A FERA
11.8%
PIRATAS DO CARIBE
11.8%
PIRATAS DO CARIBE 2
11.8%
PIRATAS DO CARIBE 3
11.8%
CINDERELA
11.8%
CINDERELA 2
11.8%
CINDERELA 3
11.8%
O CAO E A RAPOSA
11.8%
SELVAGEM
5.9%
PINOQUIO
5.9%
IRMAO URSO
5.9%
IRMAO URSO 2
5.9%
O CAO E A RAPOSA 2
5.9%

You're not logged in!

Compare scores with friends on all Sporcle quizzes.
OR
Log In

You Might Also Like...

Show Comments

Extras

Created Dec 1, 2010ReportNominate
Tags:file

Top Quizzes Today


Score Distribution

Your Account Isn't Verified!

In order to create a playlist on Sporcle, you need to verify the email address you used during registration. Go to your Sporcle Settings to finish the process.

Report this User

Report this user for behavior that violates our Community Guidelines.

Details: